Friends Quiz (15 Questions in 4 Minutes) - Statistics

General Stats
  • This quiz has been taken 250 times
  • The average score is 9 of 15
Answer Stats
Answer % Correct
How many sisters does joey have 7
95%
Which of Rachels sister hits on Ross Jill
92%
Which friends buys a boat Joey
91%
How many tyes of towels does Monica have 11
88%
Who liked to have messages to read in the bathroom Phoebe
75%
What exercise does joey do in all of Chandlers clothes in "The One Where No One Is Ready" Lunges
63%
What is the total # of episodes 236
61%
How much was the lottery ticket that flew away worth 10,000
58%
Wich State did Ross miss in "The One Where Chandler Hates Dogs" Delaware
49%
What is Emily's Last Name Waltham
49%
which job does joey take at the Museum Tour Guide
46%
which actress portrayed Janice Maggie Wheeler
43%
What is Rachels Dad favorite drink Scotch neat
36%
What object set Rachels/Phoebes apartment on fire Hair Straightner
28%
Why did Joey end up working in Las Vegas His movie got shut down
3%
No matching quizzes found
Score Distribution
Percent of People with Each Score
Percentile by Number Answered
Your Score History
You have not taken this quiz